| 000 | 00687cab a2200229 4500 | ||
|---|---|---|---|
| 001 | ABS51114 | ||
| 008 | 090401t1994 xxu||||| |||| 00| 0 eng d | ||
| 035 | _a(Sirsi) u10964 | ||
| 041 | _aeng | ||
| 245 | _aRecession in Europe is over | ||
| 260 | _c1994 | ||
| 350 | _a0 | ||
| 490 |
_aBuilding Market Report _vJuly 1994, 2-4(3) |
||
| 520 | _aSummarises construction market activity in 15 European countries with tables showing EuroConstruct forecasts of output and housing construction until 1995. | ||
| 650 | _aCONSTRUCTION MARKET | ||
| 650 | _aEUROPE | ||
| 650 | _aFORECASTS | ||
| 690 | _aBUILT ENVIRONMENT | ||
| 690 | _aOVERSEAS-EUROPE | ||
| 942 | _n0 | ||
| 948 | _c04/03/1997 | ||
| 999 |
_c6985 _d6985 |
||